LIBRARY ONLINE CATALOGUE

Factors affecting the utilization of information systems in revenue management in county governments (Record no. 18788)

MARC details
000 -LEADER
fixed length control field 00458nam a22001217a 4500
008 - FIXED-LENGTH DATA ELEMENTS--GENERAL INFORMATION
fixed length control field 210211b xxu||||| |||| 00| 0 eng d
050 ## - LIBRARY OF CONGRESS CALL NUMBER
Classification number HJ2320
Item number .M33 2016 c.1
100 ## - MAIN ENTRY--PERSONAL NAME
Personal name Mbaya, Harriet Mwendwa
245 ## - TITLE STATEMENT
Title Factors affecting the utilization of information systems in revenue management in county governments
Remainder of title a survey of Nakuru county government
260 ## - PUBLICATION, DISTRIBUTION, ETC. (IMPRINT)
Place of publication, distribution, etc. Kabarak, Nakuru, Kenya
Name of publisher, distributor, etc. Kabarak University
Date of publication, distribution, etc. 2016
300 ## - PHYSICAL DESCRIPTION
Extent 82 leaves
942 ## - ADDED ENTRY ELEMENTS (KOHA)
Source of classification or shelving scheme Library of Congress Classification
Koha item type Thesis, Dissertation and Projecs
Holdings
Withdrawn status Lost status Source of classification or shelving scheme Not for loan Home library Current library Date acquired Total Checkouts Full call number Barcode Date last seen Price effective from Koha item type
    Library of Congress Classification   Kabarak, Main Campus Kabarak, Main Campus 11/02/2021   HJ2320 .M33 2016 c.1 028220 11/02/2021 11/02/2021 Thesis, Dissertation and Projecs